| 000 | 01381nam a22003497a 4500 | ||
|---|---|---|---|
| 003 | CHAP | ||
| 005 | 20220329143440.0 | ||
| 008 | 090925s2007 mx r 00010 spa d | ||
| 010 | _a96776 | ||
| 011 | _a97748 | ||
| 035 | _a108419 | ||
| 040 | _cCHAP | ||
| 090 | _aTesis | ||
| 100 | 0 | 0 |
_aLoza León, Jéssica Grétel. _968712 |
| 245 | 1 | 0 |
_aCaracterización ecológica y aspectos sociales de los solares en relación con el bienestar en San José de la Peña, Villa de Guadalupe, San Luis Potosí _c/por Jéssica Grétel Loza León |
| 260 |
_aSan Luis Potos, S. L. P. : _bEl autor, _c2007. |
||
| 300 |
_axii, 72 h. : _bcuadros, gráfs. , ilus. , mapas |
||
| 502 | _aTesis (M. C. en Ciencias Ambientales) -- UASLP. Facultades de Ciencias Químicas, Ingeniería y Medicina | ||
| 590 |
_aALEPH _b10 _c20130110 _lUCH01 _h1530 |
||
| 590 |
_aBATCH-UPD _b10 _c20130110 _lUCH01 _h1030 |
||
| 590 |
_aBATCH-UPD _b10 _c20130410 _lUCH01 _h0633 |
||
| 590 |
_aBATCH-UPD _b10 _c20130913 _lUCH01 _h2228 |
||
| 590 |
_aCONVERSION _b10 _c20130109 _lUCH01 _h1353 |
||
| 650 | 1 | 4 |
_aAgricultura y ganadería. _92074 |
| 650 | 1 | 4 |
_aCercos. _921350 |
| 650 | 1 | 4 |
_aTierras _xUtilización _xSan Luis Potosí. _9113255 |
| 650 | 1 | 4 |
_aVivienda rural _xSan Luis Potosí. _9120185 |
| 901 | _aBK | ||
| 911 | _aen proceso | ||
| 942 | _cTESIS | ||
| 949 |
_aTesis _bBC _cTES _d33724002130314 _eTS1 _gDonaciØn _h49545 _i108419 _sb |
||
| 999 |
_c96776 _d96776 |
||